000
00313nam a2200145Ia 4500
100
_a
Phillips/joseph
650
_a
Information technology
942
_c
BK
654
_a
it
245
_a
IT Project Management
260
_b
Tata Mc Graw hill
_c
2002
082
_a
5.15
_b
PHI
300
_a
492
546
_a
ENGLISH
999
_c
20921
_d
20921